| 000 | 00434nam a2200157 i 4500 | ||
|---|---|---|---|
| 001 | 32930 | ||
| 003 | ES-MaACL | ||
| 005 | 20230906154650.0 | ||
| 007 | t| | ||
| 008 | 030131s1936 fr ||||1| fre d | ||
| 100 | 1 |
_aBernanos, Georges. _928225 |
|
| 245 | 1 | 0 |
_aJournal d'un curé de campagne / _cGeorges Bernanos. |
| 260 |
_aParis : _b[s.n., _c1936] ( _fTyp. Plon) |
||
| 300 |
_a366 p. ; _c19 cm. |
||
| 852 |
_aES-MaACL _jA-4680 _bR.16590 |
||
| 999 |
_c32930 _d32930 |
||